Baltasar Cozza (Record no. 170650)

MARC details
000 -LEADER
campo de control de longitud fija 00711nam a22001695i 4500
001 - NÚMERO DE CONTROL
campo de control 170650
003 - IDENTIFICADOR DE NÚMERO DE CONTROL
campo de control ES-MaACL
005 - FECHA Y HORA DE LA ÚLTIMA TRANSACCIÓN
campo de control 20251114063124.0
008 - DATOS DE LONGITUD FIJA--INFORMACIÓN GENERAL
campo de control de longitud fija 090326s1839 sp |||| | spa d
080 ## - NÚMERO DE LA CLASIFICACIÓN DECIMAL UNIVERSAL
Número de la Clasificación Decimal Universal 821.134.2-2"18"
100 1# - ENTRADA PRINCIPAL--NOMBRE DE PERSONA
Nombre de persona Díaz, José María,
Fechas asociadas al nombre 1800-1888
9 (RLIN) 139671
245 10 - MENCIÓN DEL TÍTULO
Título Baltasar Cozza
Resto del título : drama histórico original en cinco actos, escrito en verso y prosa /
Mención de responsabilidad, etc. por José María Díaz.
260 ## - PUBLICACIÓN, DISTRIBUCIÓN, ETC.
Lugar de publicación, distribución, etc. Madrid :
Nombre del editor, distribuidor, etc. [s.n.],
Fecha de publicación, distribución, etc. 1839 (
Fabricante Imp. de José María Repullés)
300 ## - DESCRIPCIÓN FÍSICA
Extensión 76 p. ;
Dimensiones 18 cm.
852 ## - LOCALIZACIÓN
Ubicación ES-MaACL
Número de control de estantería F-8641(1)
Nota libre .- Enc. en un vol. facticio formando parte de la col. facticia "Teatro español moderno" v. 97
condición física .- Falto de la cub. original
Holdings
Estatus retirado Estado de pérdida Estado de daño No para préstamo Colección Biblioteca de origen Biblioteca actual Ubicación en estantería Fecha de adquisición Fuente de adquisición Total de préstamos Signatura topográfica completa Código de barras Visto por última vez Precio de reemplazo Tipo de ítem Koha
        Libros del s. XIX Biblioteca del Ateneo de Madrid Biblioteca del Ateneo de Madrid Sala Pecera Planta 2 26/03/2009     F-8641(1) 1179086 23/02/2023 23/02/2023 Libro impreso antiguo